Startformationen der Champions-League-Sieger 2000 - 2009 - Statistiken

Allgemein
  • Dieses Quiz wurde 459 mal gespielt
  • Das Durchschnittsergebnis liegt bei 66 aus 120
Antwortstatistiken
Jahr: Verein Position Nationalität Name % Korrekt
2008: Manchester United MF POR Cristiano Ronaldo
93%
2009: FC Barcelona ST ARG Lionel Messi
92%
2001: FC Bayern München TW GER Oliver Kahn
91%
2006: FC Barcelona ST CMR Samuel Eto'o
91%
2009: FC Barcelona ST CMR Samuel Eto'o
91%
2009: FC Barcelona MF ESP Andrés Iniesta
90%
2009: FC Barcelona MF ESP Xavi
90%
2000: Real Madrid TW ESP Iker Casillas
88%
2008: Manchester United TW NED Edwin van der Sar
87%
2006: FC Barcelona TW ESP Victor Valdés
87%
2009: FC Barcelona TW ESP Victor Valdés
87%
2008: Manchester United ST ENG Wayne Rooney
87%
2009: FC Barcelona Trainer ESP Pep Guardiola
86%
2008: Manchester United V SRB Nemanja Vidić
85%
2009: FC Barcelona MF ESP Sergio Busquets
85%
2009: FC Barcelona ST FRA Thierry Henry
85%
2006: FC Barcelona V ESP Carles Puyol
84%
2009: FC Barcelona V ESP Carles Puyol
84%
2003: AC Mailand V ITA Paolo Maldini
84%
2007: AC Mailand V ITA Paolo Maldini
84%
2008: Manchester United Trainer SCO Alex Ferguson
81%
2006: FC Barcelona ST BRA Ronaldinho
81%
2008: Manchester United V ENG Rio Ferdinand
80%
2009: FC Barcelona V ESP Gerard Piqué
79%
2004: FC Porto Trainer POR José Mourinho
79%
2003: AC Mailand TW BRA Dida
78%
2007: AC Mailand TW BRA Dida
78%
2001: FC Bayern München ST BRA Giovane Élber
78%
2002: Real Madrid MF FRA Zinédine Zidane
78%
2003: AC Mailand ST ITA Filippo Inzaghi
77%
2007: AC Mailand ST ITA Filippo Inzaghi
77%
2003: AC Mailand Trainer ITA Carlo Ancelotti
76%
2007: AC Mailand Trainer ITA Carlo Ancelotti
76%
2008: Manchester United MF ENG Paul Scholes
74%
2003: AC Mailand MF NED Clarence Seedorf
73%
2007: AC Mailand MF NED Clarence Seedorf
73%
2004: FC Porto MF POR Deco
73%
2006: FC Barcelona MF POR Deco
73%
2001: FC Bayern München Trainer GER Ottmar Hitzfeld
73%
2008: Manchester United ST ARG Carlos Tévez
72%
2005: FC Liverpool TW POL Jerzy Dudek
72%
2007: AC Mailand ST BRA Kaká
72%
2005: FC Liverpool MF ENG Steven Gerrard
72%
2002: Real Madrid MF POR Luís Figo
71%
2000: Real Madrid MF ESP Raúl
71%
2002: Real Madrid ST ESP Raúl
71%
2000: Real Madrid V BRA Roberto Carlos
71%
2002: Real Madrid V BRA Roberto Carlos
71%
2003: AC Mailand V ITA Alessandro Nesta
70%
2007: AC Mailand V ITA Alessandro Nesta
70%
2003: AC Mailand MF ITA Andrea Pirlo
70%
2007: AC Mailand MF ITA Andrea Pirlo
70%
2003: AC Mailand MF ITA Gennaro Gattuso
70%
2007: AC Mailand MF ITA Gennaro Gattuso
70%
2005: FC Liverpool MF ESP Xabi Alonso
69%
2001: FC Bayern München MF BIH Hasan Salihamidžić
66%
2001: FC Bayern München V FRA Willy Sagnol
66%
2009: FC Barcelona V CIV Yaya Touré
66%
2001: FC Bayern München V FRA Bixente Lizarazu
65%
2001: FC Bayern München MF GER Stefan Effenberg
65%
2001: FC Bayern München MF ENG Owen Hargreaves
63%
2008: Manchester United MF ENG Owen Hargreaves
63%
2008: Manchester United V FRA Patrice Evra
63%
2002: Real Madrid V ESP Fernando Hierro
61%
2001: FC Bayern München V GHA Samuel Kuffour
58%
2001: FC Bayern München MF GER Mehmet Scholl
57%
2001: FC Bayern München V SWE Patrik Andersson
57%
2006: FC Barcelona V MEX Rafael Márquez
56%
2000: Real Madrid Trainer ESP Vicente del Bosque
53%
2002: Real Madrid Trainer ESP Vicente del Bosque
53%
2000: Real Madrid ST ESP Fernando Morientes
51%
2002: Real Madrid ST ESP Fernando Morientes
51%
2006: FC Barcelona Trainer NED Frank Rijkaard
51%
2005: FC Liverpool Trainer ESP Rafael Benítez
51%
2008: Manchester United MF ENG Michael Carrick
50%
2003: AC Mailand ST POR Rui Costa
46%
2001: FC Bayern München V GER Thomas Linke
46%
2005: FC Liverpool V ENG Jamie Carragher
45%
2005: FC Liverpool ST CZE Milan Baroš
45%
2005: FC Liverpool V FIN Sami Hyypiä
45%
2002: Real Madrid MF FRA Claude Makélélé
44%
2004: FC Porto V POR Jorge Costa
39%
2006: FC Barcelona MF NED Mark van Bommel
39%
2006: FC Barcelona V NED Giovanni van Bronckhorst
38%
2005: FC Liverpool MF NOR John Arne Riise
38%
2000: Real Madrid ST FRA Nicolas Anelka
32%
2004: FC Porto V POR Ricardo Carvalho
31%
2003: AC Mailand ST UKR Andrij Schewtschenko
30%
2005: FC Liverpool MF AUS Harry Kewell
30%
2000: Real Madrid MF ENG Steve McManaman
29%
2003: AC Mailand V GEO Kachaber Kaladze
27%
2000: Real Madrid V ESP Iván Helguera
24%
2002: Real Madrid V ESP Iván Helguera
24%
2006: FC Barcelona ST FRA Ludovic Giuly
23%
2000: Real Madrid V ESP Míchel Salgado
23%
2002: Real Madrid V ESP Míchel Salgado
23%
2007: AC Mailand V CZE Marek Jankulovski
21%
2007: AC Mailand MF ITA Massimo Ambrosini
21%
2008: Manchester United V ENG Wes Brown
21%
2005: FC Liverpool MF ESP Luis Garcia
19%
2005: FC Liverpool V IRL Steve Finnan
18%
2002: Real Madrid TW ESP César Sánchez
17%
2009: FC Barcelona V BRA Sylvinho
17%
2004: FC Porto TW POR Vítor Baía
17%
2004: FC Porto ST BRA Carlos Alberto
16%
2004: FC Porto MF POR Maniche
16%
2003: AC Mailand V ITA Alessandro Costacurta
15%
2007: AC Mailand V ITA Massimo Oddo
15%
2006: FC Barcelona MF BRA Edmilson
14%
2004: FC Porto V POR Paulo Ferreira
14%
2000: Real Madrid MF ARG Fernando Redondo
13%
2002: Real Madrid MF ARG Santiago Solari
12%
2005: FC Liverpool V MLI Djimi Traoré
11%
2004: FC Porto ST POR Derlei
10%
2004: FC Porto MF POR Costinha
9%
2006: FC Barcelona V ESP Oleguer
9%
2000: Real Madrid V ESP Aitor Karanka
6%
2000: Real Madrid V ESP Iván Campo
6%
2004: FC Porto V POR Nuno Valente
6%
2004: FC Porto MF POR Pedro Mendes
6%
Keine übereinstimmenden Quizze gefunden
Verteilung der Resultate
Anzahl Personen mit jedem Resultat
Perzentil nach korrekt beantworteten Fragen
Ihre Resultats-Entwicklung
Sie haben dieses Quiz noch nicht gespielt